000 00930nam a2200229Ii 4500
003 JO-AjNU
008 230605s9999||||xx |||||||||||||| ||und||
017 _a2007/4/1016
020 _a9957-16-328-0
040 _aJO-AjNU
_bara
_erda
_cJO-AjNU
041 _aara
050 1 4 _aKZ6471.M34.2008
100 3 _a المخزومي ، عمر محمود ,
_eauthor
_926718
245 0 0 _aالقانون الدولي الإنساني في ضوء المحكمة الجنائية الدولية
250 _aط1
264 3 1 _aعمان : دار الثقافة ، 2009
300 _a528ص
_bيشتمل على ملاحق ص (419 - 514 ) ويشتمل على مراجع ببلوغرافية ص ( 515 - 528 )
336 _atext
_btxt
_2rdacontent
337 _aunmediated
_bn
_2rdamedia
338 _avolume
_bnc
_2rdacarrier
650 4 _aالقانون الدولي الإنساني -- حقوق الإنسان (قانون دولي)
_926719
999 _aA10157
_c13725
_d13725